[Event "FICGS W-ch KO final email"]
[Site "FICGS email"]
[Date "2010.07.06"]
[Round "2"]
[White "Gueci, Alberto"]
[Black "Schuster, Peter"]
[Result "1-0"]
[WhiteElo "2490"]
[BlackElo "2506"]
[PlyCount "89"]
[EventDate "2010.??.??"]
[EventType "match (corr)"]
[EventRounds "3"]
[SourceTitle "Corr 2013"]
[Source "ChessBase"]
[SourceDate "2012.11.12"]
[SourceVersion "1"]
[SourceVersionDate "2012.11.12"]
[SourceQuality "1"]

1. e4 e5 2. Nf3 Nc6 3. Bb5 a6 4. Ba4 Nf6 5. 0-0 Bc5 6. c3 Bb6 7. d4 0-0 8. Re1 d6 9. h3 Bd7 10. Be3 Re8 11. Bc2 h6 12. Nbd2 Ba7 13. a3 b5 14. Bd3 Bb6 15. b4 Qb8 16. Rc1 Qa7 17. Nb3 Qb7 18. Qe2 Qb8 19. dxe5 Nxe5 20. Nxe5 Rxe5 21. Bf4 Re7 22. Qf3 Qa7 23. Nd4 Nh7 24. Nf5 Bxf5 25. exf5 Rxe1+ 26. Rxe1 Nf6 27. g4 Rc8 28. g5 hxg5 29. Bxg5 Qa8 30. Qg3 Re8 31. Re6 Rxe6 32. fxe6 Qd8 33. Bh6 Nh5 34. Qf3 fxe6 35. Qxh5 gxh6 36. Qg6+ Kf8 37. Qxh6+ Ke8 38. Qxe6+ Qe7 39. Qg8+ Qf8 40. Qg6+ Qf7 41. Qg3 Ke7 42. h4 c6 43. Be2 Qe6 44. Bg4 Qe5 45. Kf1 1-0

[Event "FICGS W-ch KO final email"]
[Site "FICGS email"]
[Date "2010.07.06"]
[Round "1"]
[White "Schuster, Peter"]
[Black "Gueci, Alberto"]
[Result "0-1"]
[WhiteElo "2506"]
[BlackElo "2490"]
[PlyCount "84"]
[EventDate "2010.??.??"]
[EventType "match (corr)"]
[EventRounds "3"]
[SourceTitle "Corr 2013"]
[Source "ChessBase"]
[SourceDate "2012.11.12"]
[SourceVersion "1"]
[SourceVersionDate "2012.11.12"]
[SourceQuality "1"]

1. Nf3 d5 2. g3 Nf6 3. Bg2 c6 4. c4 dxc4 5. 0-0 Nbd7 6. Na3 Nb6 7. Qc2 Be6 8. b3 cxb3 9. axb3 g6 10. Nc4 Bg7 11. Bb2 0-0 12. d3 Ne8 13. Rfc1 Nd6 14. Na5 f6 15. Nd4 Bf7 16. Bh3 Qc7 17. Be6 Rfe8 18. Bxf7+ Nxf7 19. Ne6 Qc8 20. Nc5 Nd6 21. b4 Kh8 22. e3 e5 23. Qb3 a6 24. Rc2 Nd5 25. Rac1 Nc7 26. h4 Re7 27. Kg2 Ncb5 28. Nc4 Qg8 29. h5 gxh5 30. Nb6 Qxb3 31. Nxb3 Rd8 32. Rh1 h6 33. Rxh5 Kh7 34. Nc5 Kg6 35. g4 f5 36. Rh4 f4 37. e4 Kg5 38. Kh3 Nf7 39. f3 Nd4 40. Bxd4 Rxd4 41. Rh5+ Kg6 42. Nc4 Nd8 0-1